Calders : els miralls de la ficció / [autors dels articles] Jordi Castellanos [i] Joan Melcion els miralls de la ficció / [autors dels articles] Jordi Castellanos [i] Joan Melcion
MARC
| LEADER | 00000nam a2200000Ia 4500 | ||
|---|---|---|---|
| 001 | 12728 | ||
| 008 | 160829s2000 xx 000 0 cat d | ||
| 080 | |a FOL-1-35 | ||
| 100 | |a Calders, Pere |9 35403 | ||
| 245 | |a Calders : |b els miralls de la ficció / [autors dels articles] Jordi Castellanos [i] Joan Melcion | ||
| 260 | |a Barcelona : |b Centre de Cultura Contemporània de Barcelona : |b Generalita de Catalunya. Institució de les Lletres Catalanes : |b Institut d'Edicions de la Diputació de Barcelona, |c 2000 | ||
| 300 | |a 151 p. : |b il. col. ; |c 33 cm | ||
| 590 | |a Catàleg de l'exposició que porta el mateix nom. L'exposició compta amb la col·laboració de la Universitat Autònoma de Barcelona i Huguet Rajoles Hidràuliques, S.L. | ||
| 650 | |a Calders, Pere |x Exposicions |9 35404 | ||
| 700 | |a Castellanos, Jordi |9 35405 | ||
| 700 | |a Melcion, Joan |9 35406 | ||
| 710 | 2 | |a Centre de Cultura Contemporània de Barcelona |9 52510 | |
| 710 | 2 | |a Institució de les Lletres Catalanes |9 52977 | |
| 710 | |a Barcelona (Catalunya : Província). |b Institut d'Edicions |9 53854 | ||
| 901 | |a Arxiu | ||
| 942 | |n 1 | ||
| 952 | |0 0 |1 0 |4 0 |6 FOL135 |7 1 |9 46884 |a Arxiu |b Arxiu |d 2016-12-01 |l 0 |o FOL-1-35 |p 12728 |r 2016-12-01 00:00:00 |w 2016-12-01 |y ARXIU | ||
| 999 | |c 50677 |d 50677 | ||